Marxismo y ciencias sociales.

Salvato in:
Dettagli Bibliografici
Autore principale: Goldmann, Lucien (autor)
Natura: Libro
Lingua:spagnolo
Soggetti:
Tags: Aggiungi Tag
Nessun Tag, puoi essere il primo ad aggiungerne!!

MARC

LEADER 00000cam^a2200000uu^4500
001 000479710
005 20250521000000.0
008 050901s1975^^^^^^^^^^^^rd^r^^000^0^spa^d
009 20260526150405.564
035 |a FCE 000022712 
035 |a FCE 002991 
037 |a Acervo ITESO - Biblioteca 
041 |a spa 
082 0 4 |a 301.442  |b GOLm 
100 |a Goldmann, Lucien  |e (autor) 
245 1 0 |a Marxismo y ciencias sociales. 
264 |a Buenos Aires :  |b Amorrotu,  |c 1975. 
300 |a 279 p. 
336 |a texto  |b txt  |2 rdacontenido 
337 |a sin mediación  |b n  |2 rdamedio 
338 |a volumen  |b nc  |2 rdasoporte 
649 |a XX 
650 |a Ciencias sociales 
650 |a Clase social 
650 |a Marxismo 
910 |a Fondo Centro de Estudios Educativos 
920 |a Impresos - Libros 
930 |a Fondos Especiales 
905 |a 133 
901 |a ALE002991  |b IT2  |c CEE  |u 20250521 
902 |a https://opac.biblio.iteso.mx/vufind/Record/000479710